<?xml version="1.0" encoding="UTF-8"?><?xml-stylesheet type="text/xsl" href="static/style.xsl"?><OAI-PMH xmlns="http://www.openarchives.org/OAI/2.0/" xmlns:xsi="http://www.w3.org/2001/XMLSchema-instance" xsi:schemaLocation="http://www.openarchives.org/OAI/2.0/ http://www.openarchives.org/OAI/2.0/OAI-PMH.xsd"><responseDate>2026-04-17T20:57:17Z</responseDate><request verb="GetRecord" identifier="oai:riubu.ubu.es:10259/11041" metadataPrefix="marc">https://riubu.ubu.es/oai/request</request><GetRecord><record><header><identifier>oai:riubu.ubu.es:10259/11041</identifier><datestamp>2025-11-07T12:46:37Z</datestamp><setSpec>com_10259_2604</setSpec><setSpec>col_10259_5684</setSpec></header><metadata><record xmlns="http://www.loc.gov/MARC21/slim" xmlns:doc="http://www.lyncode.com/xoai" xmlns:xsi="http://www.w3.org/2001/XMLSchema-instance" xmlns:dcterms="http://purl.org/dc/terms/" xsi:schemaLocation="http://www.loc.gov/MARC21/slim http://www.loc.gov/standards/marcxml/schema/MARC21slim.xsd">
<leader>00925njm 22002777a 4500</leader>
<datafield tag="042" ind1=" " ind2=" ">
<subfield code="a">dc</subfield>
</datafield>
<datafield tag="720" ind1=" " ind2=" ">
<subfield code="a">Martínez González, Branly Alberto</subfield>
<subfield code="e">author</subfield>
</datafield>
<datafield tag="720" ind1=" " ind2=" ">
<subfield code="a">Díez Bermejo, Alejandro</subfield>
<subfield code="e">author</subfield>
</datafield>
<datafield tag="720" ind1=" " ind2=" ">
<subfield code="a">Pérez Sevilla, Malena</subfield>
<subfield code="e">author</subfield>
</datafield>
<datafield tag="720" ind1=" " ind2=" ">
<subfield code="a">Rincón Arango, Jaime Andrés</subfield>
<subfield code="e">author</subfield>
</datafield>
<datafield tag="720" ind1=" " ind2=" ">
<subfield code="a">Urda Muñoz, Daniel</subfield>
<subfield code="e">author</subfield>
</datafield>
<datafield tag="260" ind1=" " ind2=" ">
<subfield code="c">2025-11-04</subfield>
</datafield>
<datafield tag="520" ind1=" " ind2=" ">
<subfield code="a">This repository provides flow-based IoT traffic datasets generated through NFStream and Tranalyzer for cyberattack detection and generalization studies.  &#xd;
The datasets originate from two data sources:  &#xd;
(1) **UBU-LAB**, representing traffic captured in controlled IoT laboratory conditions, and  &#xd;
(2) **ToN-IoT**, a public dataset containing benign and Denial-of-Service (DoS) traffic traces (available at https://research.unsw.edu.au/projects/toniot-datasets).  &#xd;
&#xd;
All datasets have been processed and structured to support experiments on flow extraction tool comparison and cross-domain generalization using Multilayer Perceptron (MLP) models.  &#xd;
The repository contains:  &#xd;
- Raw extracted flows for both NFStream and Tranalyzer,  &#xd;
- Balanced datasets used in comparative studies (Paper 2), and  &#xd;
- Datasets generated for generalization strategies (Paper 3).  &#xd;
&#xd;
The data files are ready to be reused or integrated into new modelling pipelines for IoT network security research.</subfield>
</datafield>
<datafield tag="024" ind2=" " ind1="8">
<subfield code="a">Martinez Gonzalez, B. A., Diez Bermejo, A., Pérez Sevilla, M., Rincon Arango, J. A., &amp; Urda Muñoz, D. (2025). Flow-Based IoT Datasets for Cyberattack Detection and Generalization Studies (NFStream and Tranalyzer Tools) [Data set]. Universidad de Burgos. https://doi.org/10.71486/VCGM-FE66</subfield>
</datafield>
<datafield tag="024" ind2=" " ind1="8">
<subfield code="a">https://hdl.handle.net/10259/11041</subfield>
</datafield>
<datafield tag="024" ind2=" " ind1="8">
<subfield code="a">10.71486/vcgm-fe66</subfield>
</datafield>
<datafield ind1=" " ind2=" " tag="653">
<subfield code="a">IoT</subfield>
</datafield>
<datafield ind1=" " ind2=" " tag="653">
<subfield code="a">Cybersecurity</subfield>
</datafield>
<datafield ind1=" " ind2=" " tag="653">
<subfield code="a">Flow-based Datasets</subfield>
</datafield>
<datafield ind1=" " ind2=" " tag="653">
<subfield code="a">NFStream</subfield>
</datafield>
<datafield ind1=" " ind2=" " tag="653">
<subfield code="a">Tranalyzer</subfield>
</datafield>
<datafield ind1=" " ind2=" " tag="653">
<subfield code="a">ToN-IoT</subfield>
</datafield>
<datafield ind1=" " ind2=" " tag="653">
<subfield code="a">UBU-LAB</subfield>
</datafield>
<datafield ind1=" " ind2=" " tag="653">
<subfield code="a">Generalization</subfield>
</datafield>
<datafield ind1=" " ind2=" " tag="653">
<subfield code="a">Machine learning</subfield>
</datafield>
<datafield tag="245" ind1="0" ind2="0">
<subfield code="a">Flow-Based IoT Datasets for Cyberattack Detection and Generalization Studies (NFStream and Tranalyzer Tools) [Dataset] ﻿ ﻿</subfield>
</datafield>
</record></metadata></record></GetRecord></OAI-PMH>